| 000 | 00391 a2200109 4500 | ||
|---|---|---|---|
| 001 | ART_8054 | ||
| 005 | 20260410161831.0 | ||
| 008 | 260409a | ||
| 245 | 1 | 0 | _aLas diferentes caras de la deuda externa de los países del Sur |
| 100 | 1 | _aGarcía Izquierdo, Bernardo | |
| 773 | 0 |
_tBoletín de estudios económicos _gÉtica y economía - Vol. 55, Nº 170 (ago. 2000) _wREV5142 |
|
| 999 |
_c23244 _d23244 |
||